| 000 | 00786cam a22002535a 4500 | ||
|---|---|---|---|
| 001 | 17801823 | ||
| 005 | 20151102151345.0 | ||
| 008 | 130705t2013 nyua frb 001 0 eng d | ||
| 020 | _a9781461481447 | ||
| 040 |
_aDLC _beng _cDLC _dDLC _dEG-ScBUE _dEG-ScBUE |
||
| 082 | 0 | 4 |
_a330.015125 _bDHR _222 |
| 100 | 1 |
_aDhrymes, Phoebus J., _d1932- _938640 |
|
| 245 | 1 | 0 |
_aMathematics for econometrics / _cPhoebus J. Dhrymes. |
| 250 | _a4th ed. | ||
| 260 |
_aNew York : _bSpringer, _cc.2013. |
||
| 300 |
_axvii, 419 p. : _bill. ; _c24 cm. |
||
| 500 | _aIndex : p. 413-419. | ||
| 504 | _aBibliography : p. 411-412. | ||
| 650 | 0 |
_aEconometrics. _2BUEsh _93215 |
|
| 650 | 0 |
_aAlgebras, Linear. _2BUEsh |
|
| 651 | _2BUEsh | ||
| 653 |
_bBUSECO _cJune2015 _cNovember2015 |
||
| 942 |
_2ddc _k330.015125 DHR |
||
| 999 |
_c19946 _d19918 |
||